Patologie rozumu : dějiny a současnost kritické teorie /

Uložené v:
Podrobná bibliografia
Hlavný autor: Honneth, Axel, 1949-
Ďalší autori: Bakešová, Alena (Translator)
Médium: Kniha
Jazyk:Czech
German
Vydané: Praha : Filosofia, 2011.
Vydanie:Vyd. 1.
Edícia:Filosofie a sociální vědy sv. 41
Témy:
ISBN: 9788070073520 (viaz.)
Fyzický popis: 292 s. ; 21 cm.
Tagy: Pridať tag
Žiadne tagy, Buďte prvý kto otaguje tento záznam!

MARC

LEADER 00000nam a2200000 a 4500
001 000375113
005 20111121103223.0
008 110908s2011 xr g 001 0 cze d
020 |a 9788070073520 (viaz.) 
040 |a SVKKK  |b slo  |c SVKKK  |e AACR2 
041 1 |a cze  |b ger  |h ger 
044 |a xr  |c CZ 
072 7 |a 316  |x Sociológia  |2 konspekt 
080 |a 316.257  |2 2001 
080 |a 141.7  |2 2001 
080 |a 930.1  |2 2001 
080 |a 316.6  |2 2001 
080 |a (048.8)  |2 2001 
080 |a (081)  |2 2001 
100 1 |a Honneth, Axel,  |d 1949- 
240 1 0 |a Pathologien der Vernunft.  |l Česky 
245 1 0 |a Patologie rozumu :  |b dějiny a současnost kritické teorie /  |c Axel Honneth ; [z německého originálu přeložila Alena Bakešová]. 
246 3 0 |a Dějiny a současnost kritické teorie 
250 |a Vyd. 1. 
260 |a Praha :  |b Filosofia,  |c 2011. 
300 |a 292 s. ;  |c 21 cm. 
490 1 |a Filosofie a sociální vědy  |v 41 
500 |a Preklad z nem. orig. 
500 |a Údaj o prekl. prevzatý z tiráže 
500 |a Edič. poznámka 
504 |a Bibl. odkazy; bibliografia: s. 269-284; menný register: s. 289-292 
546 |a Resumé nem. 
650 0 7 |a kritická teória  |2 SVKKKPH 
650 0 7 |a sociálna filozofia  |2 SVKKKPH 
650 0 7 |a filozofia dejín  |2 SVKKKPH 
650 0 7 |a sociálna psychológia  |2 SVKKKPH 
655 7 |a štúdie  |2 SVKKKPH 
655 7 |a zborníky  |2 SVKKKPH 
700 1 |a Bakešová, Alena  |4 trl 
765 0 |t Pathologien der Vernunft. Česky  |a Honneth, Axel, 1949- 
830 0 |a Filosofie a sociální vědy  |v sv. 41 
910 |a svkkk 
919 |a 978-80-7007-352-0 
998 |a BK 
090 |g SCKHL  |k Sklad Hlavná 10 prízemie  |a III.221172  |j 1030994  |i 2720256377  |s Absenčne